Vista normal Vista MARC

Entrada Personal Name

Número de registros utilizados en: 1

001 - CONTROL NUMBER

  • control field: 12363

003 - CONTROL NUMBER IDENTIFIER

  • control field: OSt

005 - DATE AND TIME OF LATEST TRANSACTION

  • control field: 20201117181109.0

008 - FIXED-LENGTH DATA ELEMENTS

  • fixed length control field: 201117|| aca||aabn | a|a d

040 ## - CATALOGING SOURCE

  • Original cataloging agency: OSt
  • Transcribing agency: OSt

100 ## - HEADING--PERSONAL NAME

  • Personal name: Clementi, José

670 ## - SOURCE DATA FOUND

  • Source citation: Work cat.: (OSt)6127: Leener, Georges de, autor 12360, Orden, método y organización : , 1959